Adieu, Slimane, paroles - Statistiques

Statistiques générales
  • Ce quiz a été pris 90 fois
  • Le résultat moyen est 200 sur 284
Statistiques - réponses
Réponse % Correct
à
98%
je
96%
pas
91%
adieu
89%
Adieu
89%
la
88%
me
88%
de
86%
le
84%
deux
82%
jamais
81%
nous
81%
au
79%
sur
79%
en
77%
nos
77%
m'en
75%
si
75%
souvenirs
75%
ta
75%
tu
75%
ne
74%
passe
74%
passé
74%
vie
74%
et
72%
les
72%
mes
72%
port
72%
que
72%
vais
72%
sors
70%
mais
68%
67%
toi
65%
marche
63%
mieux
63%
savoir
63%
seul
63%
suis
63%
tout
63%
ça
61%
depuis
61%
j'ai
61%
mon
61%
pleure
61%
sans
61%
fais
60%
nuits
60%
t'aime
60%
paix
58%
tous
58%
ce
56%
hommes
56%
âge
54%
d'aller
54%
d'avoir
54%
plus
54%
sais
54%
semblant
54%
surtout
54%
tes
54%
armes
53%
criant
53%
déposé
53%
sos
53%
dans
51%
réponds
51%
ses
51%
page
49%
promesses
49%
titube
49%
tourné
49%
rues
47%
toutes
47%
j'envoie
46%
puisque
46%
valser
46%
guérir
44%
histoires
44%
peine
44%
c'que
42%
fesses
42%
trinquer
42%
il
40%
jure
39%
du
37%
j'irai
37%
peux
37%
aimé
35%
j'te
35%
j'vais
35%
laisses
35%
mensonges
35%
quand
35%
temps
35%
être
33%
penses
33%
place
33%
autant
32%
dire
32%
faudra
32%
glace
32%
n'aimerais
32%
pleurs
30%
seras
30%
devant
28%
moi
26%
pensant
23%
qui
21%
amants
18%
j't'ai
18%
t'ont
14%
abandonnée
12%
écoeurée
12%
Aucun quiz correspondant
Distribution des résultats
% des personnes avec chaque résultat
Percentile par nombre de réponses
Votre historique - résultats
Vous n’avez pas pris ce quiz